Solving problems in soil mechanics -- 2nd ed. (Record no. 57920)

MARC details
000 -LEADER
fixed length control field 00640nam a2200181 a 4500
008 - FIXED-LENGTH DATA ELEMENTS--GENERAL INFORMATION
fixed length control field 081001s1993 ||||||||||||||||| || u
020 ## - INTERNATIONAL STANDARD BOOK NUMBER
International Standard Book Number 047022097X
050 ## - LIBRARY OF CONGRESS CALL NUMBER
Classification number TA 710 Sut
100 ## - MAIN ENTRY--PERSONAL NAME
Personal name Sutton, B.H.C
245 10 - TITLE STATEMENT
Title Solving problems in soil mechanics -- 2nd ed.
Statement of responsibility, etc. B.H.C. Sutton
250 ## - EDITION STATEMENT
Edition statement 2nd ed.
260 ## - PUBLICATION, DISTRIBUTION, ETC.
Place of publication, distribution, etc. Harlow
Name of publisher, distributor, etc. Longman
Date of publication, distribution, etc. 1993
300 ## - PHYSICAL DESCRIPTION
Extent v, 267p.: ill.
350 ## - PRICE (NR) (BK AM CF MU VM SE) [OBSOLETE]
Price 80000.00
650 ## - SUBJECT ADDED ENTRY--TOPICAL TERM
Topical term or geographic name entry element SOIL MECHANICS--PROBLEMS, EXERCISES, ETC
650 ## - SUBJECT ADDED ENTRY--TOPICAL TERM
Topical term or geographic name entry element SOILS
995 ## - RECOMMENDATION 995 [LOCAL, UNIMARC FRANCE]
-- 0.00
-- CBU-MAIN LIBRARY (Kitwe)
-- 1
-- 0.00
-- 1
-- AVAILABLE
-- Oct 1, 2008
-- Main Library Open Access Collection
Holdings
Withdrawn status Lost status Source of classification or shelving scheme Damaged status Not for loan Home library Current library Shelving location Date acquired Total Checkouts Full call number Barcode Date last seen Price effective from Koha item type
          CBU-MAIN LIBRARY, KITWE. CBU-MAIN LIBRARY, KITWE.   11/30/2022   TA 710 Sut 738750 05/15/2024 11/30/2022 MONOGRAPH